000 00896nam a2200181 a 4500
008 101015s1994 ||||||||||||||||| || u
050 _aCOMM(02)
110 _aCommonwealth Secretariat
245 1 0 _aSouth Africa in transition: the report of the Commonwealth observer mission to South Africa, phase III: August-December 1993
260 _aLondon:
_bCommonwealth Secretariat
_c1994
300 _avi, 86p.: ill.
350 _a0.00
490 _aCommonwealth observer report
650 _aPOLITICS
650 _aSOUTH AFRICA--POLITICS AND GOVERNMENT--1989-
995 _aSPECIAL COLLECTIONS
_D0.00
_e03007194
_FCBU-MAIN LIBRARY (Kitwe)
_H1
_I0.00
_jCOMM(02)1994/1A
_M1
_UAVAILABLE
_WOct 15, 2010
_yZ03007194
_ZInternational Publications
995 _aSPECIAL COLLECTIONS
_D0.00
_e03007195
_FCBU-MAIN LIBRARY (Kitwe)
_H1
_I0.00
_jCOMM(02)1994/1B
_M2
_UAVAILABLE
_WOct 15, 2010
_yZ03007195
_ZInternational Publications
999 _c76676
_d76676